000 00565nam a2200145 a 4500
008 120416s1983 ||||||||||||||||| || u
050 _aRA 988.3 Raf
100 _aRaftery, James
245 1 0 _aHealth services
246 _athe implications of demographic change
260 _aDublin
_bNational Economic and Social Council
_c1983
300 _aviii, 85p. : ill.
350 _a0.00
995 _D0.00
_FCBU-MAIN LIBRARY (Kitwe)
_H1
_I4.00
_M1
_UWEEDED
_VJul 21, 2017
_WApr 10, 2007
_ZMain Library Open Access Collection
999 _c45444
_d45444